Statistics for Most Populated Cities A-Z

Click here to take the quiz!

General Stats

  • This quiz has been taken 30 times
  • The average score is 11 of 26

Answer Stats

Letter City % Correct
SShanghai
88%
NNew York City
85%
TTokyo
81%
BBeijing
81%
GGuangzhou
73%
DDelhi
65%
MMumbai
65%
JJakarta
58%
KKarachi
58%
OOsaka
58%
CCairo
54%
IIstanbul
54%
LLagos
50%
RRio de Janeiro
46%
XXi'an
46%
WWuhan
42%
AAhmedabad
27%
HHyderabad
27%
PPyongyang
19%
YYangon
19%
FFuzhou
12%
UUlsan
8%
VVisakhapatnam
8%
ZZunyi
4%
QQuanzhou
0%
EEkurhuleni
0%

Score Distribution

Percentile by Number Answered

Percent of People with Each Score

Your Score History

You have not taken this quiz